Tercera residencia
Sparad:
| Huvudupphovsman: | |
|---|---|
| Materialtyp: | Bok |
| Språk: | Undetermined |
| Publicerad: |
Argentina
Losada
1961
|
| Upplaga: | 3 |
| Ämnen: | |
| Taggar: |
Lägg till en tagg
Inga taggar, Lägg till första taggen!
|
MARC
| LEADER | 00000nam a2200000Ia 4500 | ||
|---|---|---|---|
| 008 | 170316s9999 xx 000 0 und d | ||
| 040 | |a cru BVZT | ||
| 090 | |a 860 N-5t | ||
| 100 | |a Neruda, Pablo | ||
| 245 | |a Tercera residencia | ||
| 250 | |a 3 | ||
| 260 | |a Argentina | ||
| 260 | |b Losada | ||
| 260 | |c 1961 | ||
| 300 | |a 101 páginas | ||
| 650 | |a LITERATURA LATINOAMERICANA | ||
| 999 | |c 9016 |d 9016 | ||
| 942 | |c 15 D |h 860 N-5t |2 z | ||
